Manual completo de informt̀ica para concursos

Bibliographic Details
Main Author: Satin, Helder
Other Authors: Fioravanti, Andř, Garcia, Wander
Format: eBook
Language:Portuguese
Published: Indaiatuba: Editora Foco, 2021
Subjects:
Online Access:Acceso restringido

MARC

LEADER 00000nam a22000007a 4500
005 20220427224425.0
007 cr|||| |||||
008 220427s2021 br |||||s|||| 00||0 por d
020 |a 978-65-5515-286-9 
035 |a 36236 
040 |a vLex 
090 |c 13246  |d 13246 
100 1 |a Satin, Helder 
245 1 0 |a Manual completo de informt̀ica para concursos  |h [Recurso electrn̤ico] /  |c Helder Satin, Andr ̌Fioravanti, Wander Garcia 
256 |a Servicio en ln̕ea 
260 |a Indaiatuba:  |b Editora Foco,  |c 2021 
300 |a 1 recurso electrn̤ico 
506 1 |a Disponible solo en los productos indicados  |d vLex Global  |d vLex Global (Academic Edition, excluding Law Schools)  |d vLex Global (U.S. Academic Edition, Law Schools)  |d vLex Global (U.S. Academic Edition, excluding Law Schools)  |d vLex Global (Academic Edition, Law Schools) 
650 0 4 |a Concursos  |z Brasil 
700 1 |a Fioravanti, Andř 
700 1 |a Garcia, Wander 
740 0 |a vLex Libros (Servicio en ln̕ea) 
856 4 0 |u https://app.vlex.com/#/sources/36236  |z Acceso restringido 
942 |c BOOK 
999 0 |a Insolvency and bankruptcies